Logo CIB grande

TEORIA Y PROBLEMAS TERMODINAMICA (Registro nro. 215939)

Detalles MARC
000 -LEADER
campo de control de longitud fija 00689nam a2200265Ia 4500
005 - FECHA Y HORA DE LA ÚLTIMA TRANSACCIÓN
campo de control 20250425161758.0
008 - DATOS DE LONGITUD FIJA--INFORMACIÓN GENERAL
campo de control de longitud fija 250425s9999 xx 000 0 und d
020 ## - NÚMERO INTERNACIONAL ESTÁNDAR DEL LIBRO
Número Internacional Estándar del Libro 9684511280
041 ## - CÓDIGO DE IDIOMA
Código de lengua del texto/banda sonora o título independiente spa
082 ## - NÚMERO DE LA CLASIFICACIÓN DECIMAL DEWEY
Número de clasificación 621.4021
010 ## - NÚMERO DE CONTROL DE LA BIBLIOTECA DEL CONGRESO
Número de control de LC 28658
100 ## - ENTRADA PRINCIPAL--NOMBRE DE PERSONA
Nombre de persona ABBOTT, MICHAEL M.
245 #0 - MENCIÓN DEL TÍTULO
Título TEORIA Y PROBLEMAS TERMODINAMICA
250 ## - MENCION DE EDICION
Mención de edición 1A ED.
260 ## - PUBLICACIÓN, DISTRIBUCIÓN, ETC.
Lugar de publicación, distribución, etc. MEXICO
260 ## - PUBLICACIÓN, DISTRIBUCIÓN, ETC.
Lugar de publicación, distribución, etc. México
Nombre del editor, distribuidor, etc. MCGRAW-HILL
Fecha de publicación, distribución, etc. 1975
300 ## - DESCRIPCIÓN FÍSICA
Extensión 355
500 ## - NOTA GENERAL
Nota general Título Traducido: THERMODYNAMICS THEORY AND PROBLEMS
650 ## - PUNTO DE ACCESO ADICIONAL DE MATERIA--TÉRMINO DE MATERIA
Término de materia o nombre geográfico como elemento de entrada ENTROPIA
650 ## - PUNTO DE ACCESO ADICIONAL DE MATERIA--TÉRMINO DE MATERIA
Término de materia o nombre geográfico como elemento de entrada PROPIEDADES TERMODINAMICAS
650 ## - PUNTO DE ACCESO ADICIONAL DE MATERIA--TÉRMINO DE MATERIA
Término de materia o nombre geográfico como elemento de entrada TERMODINAMICA
650 ## - PUNTO DE ACCESO ADICIONAL DE MATERIA--TÉRMINO DE MATERIA
Término de materia o nombre geográfico como elemento de entrada TERMOQUIMICA
700 ## - ENTRADA AGREGADA--NOMBRE PERSONAL
Nombre de persona JOSE VICENTE CASAS
Término indicativo de función/relación traductor
942 ## - ELEMENTOS DE ENTRADA SECUNDARIOS (KOHA)
Tipo de ítem Koha Libros
Existencias
Estatus retirado Estado de pérdida Estado de daño No para préstamo Biblioteca de origen Biblioteca actual Ubicación en estantería Fecha de adquisición Coste, precio normal de compra Etiqueta RFID Total de préstamos Código de barras Copia número Tipo de ítem Koha
        CENTRO DE INFORMACIÓN BIBLIOTECARIA CENTRO DE INFORMACIÓN BIBLIOTECARIA   06/12/2002 7.00 0000000000000000015238   35005 1 Libros

Copyright 2025 ESPOL. Todos los derechos reservados.